[Event "Remote email"]
[Site "Remote email"]
[Date "2013.03.30"]
[Round "?"]
[White "Deicke, Detlef"]
[Black "Finke, Thilo"]
[Result "1/2-1/2"]
[WhiteElo "1781"]
[BlackElo "1976"]
[PlyCount "72"]
[EventDate "2013.??.??"]
[EventType "tourn (corr)"]
[EventRounds "6"]
[EventCountry "GER"]
[SourceTitle "Corr 2015"]
[Source "ChessBase"]
[SourceDate "2015.07.17"]
[SourceVersion "1"]
[SourceVersionDate "2015.07.17"]
[SourceQuality "1"]

1. Nf3 Nf6 2. c4 e6 3. g3 d5 4. Bg2 c5 5. d4 Nc6 6. cxd5 Nxd5 7. dxc5 Bxc5 8. e3 0-0 9. 0-0 Qc7 10. a3 Rd8 11. Qe2 a5 12. Bd2 b6 13. Rc1 Ba6 14. Qe1 Rac8 15. Nc3 Nxc3 16. Bxc3 Qe7 17. Rd1 Rxd1 18. Rxd1 Rd8 19. Rd2 Rxd2 20. Qxd2 Qd8 21. Qxd8+ Nxd8 22. Ne5 Bb5 23. h4 Kf8 24. Be4 f6 25. Nf3 Bc6 26. Nd2 Bxe4 27. Nxe4 Be7 28. f4 Nf7 29. Kf2 Nd6 30. Nxd6 Bxd6 31. a4 Ke7 32. Ke2 Bc5 33. h5 Kd6 34. e4 Bg1 35. g4 Kc5 36. Kd3 Bf2 1/2-1/2